000 00483nam a22001817a 4500
005 20170306151152.0
008 170306b xxu||||| |||| 00| 0 eng d
020 _a9780231704489
040 _cPK-LaUMT
082 _a363.325
_bWEI-T
100 _aWeimann , Gabriel
245 _aTerrorism in cyberspace:
_bthe next generation/
_cGabriel Weimann
260 _aNew York:
_bColumbia university,
_c2015
300 _a296 p.
546 _aEN
650 _aCyberterrorism
942 _cBK
999 _c91449
_d91449